[Event "Ulan Bator Mongolia Fed"]
[Site "Ulan Bator"]
[Date "2024.03.22"]
[Round "2"]
[White "Sodgerelt, Naranbold"]
[Black "Galmandakh, Badrakh"]
[Result "0-1"]
[WhiteElo "1819"]
[BlackElo "2219"]
[PlyCount "64"]
[EventDate "2024.03.21"]
[EventType "swiss"]
[EventRounds "7"]
[EventCountry "MGL"]
[SourceTitle "CB13_2024"]
[SourceDate "2024.03.27"]
[SourceVersion "1"]
[SourceVersionDate "2024.03.27"]
[SourceQuality "1"]

1. e4 d6 2. d4 Nf6 3. Nc3 e5 4. Nf3 Nbd7 5. Bc4 Be7 6. 0-0 0-0 7. Re1 a6 8. a4 b6 9. Be3 Bb7 10. d5 h6 11. Nd2 Nh7 12. Bd3 Bg5 13. Nc4 g6 14. Qg4 Ndf6 15. Qe2 Bxe3 16. Nxe3 Nh5 17. g3 N7f6 18. Rf1 Qe7 19. Ng4 Nxg4 20. Qxg4 Bc8 21. Qe2 Qg5 22. h4 Qe7 23. a5 b5 24. Na2 f5 25. exf5 Bxf5 26. Nb4 Bxd3 27. Qxd3 Rf6 28. Rae1 Qd7 29. Re3 Qg4 30. Nc6 Raf8 31. Qe2 Qxe2 32. Rxe2 Nxg3 0-1

[Event "Wch U14 Girls"]
[Site "Montesilvano"]
[Date "2023.11.21"]
[Round "8"]
[White "Sodgerelt, Naranbold"]
[Black "Smietanska, Wiktoria"]
[Result "0-1"]
[WhiteElo "1419"]
[BlackElo "2009"]
[PlyCount "100"]
[EventDate "2023.11.13"]
[EventType "swiss"]
[EventRounds "11"]
[EventCountry "ITA"]
[SourceTitle "CB48_2023"]
[SourceDate "2023.11.29"]
[SourceVersion "1"]
[SourceVersionDate "2023.11.29"]
[SourceQuality "1"]

1. e4 c5 2. Nf3 d6 3. d4 cxd4 4. Nxd4 Nf6 5. Nc3 a6 6. Be3 e5 7. Nf3 Be7 8. Bc4 Be6 9. Bb3 h6 10. Nh4 Ng4 11. Ng6 Nxe3 12. fxe3 Bxb3 13. Nxh8 Be6 14. 0-0 Nd7 15. Nd5 Nf6 16. Qd3 Kf8 17. Rad1 Bxd5 18. exd5 Kg8 19. Nxf7 Kxf7 20. Rf3 Kg8 21. Qf5 Qc8 22. Qg6 Qg4 23. Qxg4 Nxg4 24. b3 Bg5 25. Re1 e4 26. Rh3 Rc8 27. c4 b5 28. cxb5 axb5 29. a4 bxa4 30. bxa4 Rc4 31. Kf1 Rxa4 32. Rg3 Nf6 33. Rd1 Ra5 34. Rd4 Rxd5 35. Ke2 Kf7 36. Rxd5 Nxd5 37. Rg4 Bxe3 38. Rxe4 Nc3+ 39. Kxe3 Nxe4 40. Kxe4 Ke6 41. Kd4 d5 42. Kd3 Ke5 43. Ke3 d4+ 44. Kf3 Kd5 45. Ke2 Ke4 46. Kd2 d3 47. Ke1 Ke3 48. h4 h5 49. g3 g6 50. Kd1 d2 0-1

[Event "World Amateur-ch U1700 (Women)"]
[Site "Muscat"]
[Date "2023.11.08"]
[Round "7"]
[White "Sodgerelt, Naranbold"]
[Black "Anudari, Tsogdelger"]
[Result "0-1"]
[WhiteElo "1419"]
[BlackElo "1587"]
[PlyCount "92"]
[EventDate "2023.11.02"]
[EventType "swiss"]
[EventRounds "9"]
[EventCountry "OMN"]
[SourceTitle "CB47_2023"]
[SourceDate "2023.11.22"]
[SourceVersion "1"]
[SourceVersionDate "2023.11.22"]
[SourceQuality "1"]

1. e4 c5 2. Nf3 e6 3. d4 cxd4 4. Nxd4 a6 5. Bd3 g6 6. 0-0 Bg7 7. c3 Ne7 8. f4 d5 9. e5 Nbc6 10. Be3 Bd7 11. Nd2 Nf5 12. Nxf5 gxf5 13. Qh5 Bf8 14. Nf3 Be7 15. Nd4 Qc7 16. b4 Nxd4 17. Bxd4 Bb5 18. Bxb5+ axb5 19. Qe2 Qc4 20. Qxc4 bxc4 21. a4 Kd7 22. Rf3 h5 23. Rf2 Bd8 24. Rfa2 f6 25. a5 fxe5 26. fxe5 Kc6 27. a6 Bb6 28. b5+ Kc7 29. Bxb6+ Kxb6 30. axb7 Rxa2 31. Rxa2 Kxb7 32. Ra6 d4 33. cxd4 c3 34. Ra2 Kb6 35. Rc2 Rc8 36. Kf2 Kxb5 37. Ke3 Kc4 38. g3 Rd8 39. Ra2 Kb3 40. Ra6 c2 41. Rb6+ Kc3 42. Rc6+ Kb2 43. Rb6+ Kc1 44. Rxe6 Rc8 45. Ra6 Kb2 46. Rb6+ Kc3 0-1

[Event "World Amateur-ch U1700 (Women)"]
[Site "Muscat"]
[Date "2023.11.04"]
[Round "3"]
[White "Shybi, Binoj"]
[Black "Sodgerelt, Naranbold"]
[Result "0-1"]
[WhiteElo "1650"]
[BlackElo "1419"]
[PlyCount "90"]
[EventDate "2023.11.02"]
[EventType "swiss"]
[EventRounds "9"]
[EventCountry "OMN"]
[SourceTitle "CB47_2023"]
[SourceDate "2023.11.22"]
[SourceVersion "1"]
[SourceVersionDate "2023.11.22"]
[SourceQuality "1"]

1. e4 c5 2. Nf3 d6 3. g3 Nc6 4. Bg2 g6 5. 0-0 Bg7 6. c3 Nf6 7. Re1 0-0 8. h3 Qb6 9. b3 Nh5 10. Na3 Be6 11. Ng5 Ne5 12. d3 Qa5 13. g4 Qxc3 14. Rb1 Nxd3 15. Re3 Nhf4 16. Nf3 Nxc1 17. Rxc3 Nce2+ 18. Kf1 Nxc3 19. Qd2 Nxb1 20. Nxb1 Nxg2 21. Kxg2 c4 22. Qb4 c3 23. Ne1 b6 24. f4 f5 25. exf5 gxf5 26. Kg3 Rac8 27. Nc2 Bd5 28. Qb5 Be4 29. Nba3 Rc5 30. Qd7 e5 31. b4 exf4+ 32. Kxf4 fxg4+ 33. Kxe4 Re5+ 34. Kd3 g3 35. Qg4 Ref5 36. Nd4 Rf4 37. Qe6+ Kh8 38. Ne2 g2 39. Nc2 Rf2 40. Qg4 Be5 41. Ng1 Rd2+ 42. Ke3 Bf4+ 43. Ke4 d5+ 44. Kf3 Bh2+ 45. Ke3 Bxg1# 0-1